01092nam2a2200205 4500001001100000005001700011035002600028100004100054101000800095102000700103105001800110200005400128210001100182215003200193461057000225702003200795801001800827801002200845852001900867rc\293268120260315055256.0 a(NLR Aleph) 007081995 a20110819d1935 u y0rusy50 ca0 arus aRU ay z |||||0 aЗадание 2fСост. Б.Е. Горелик d[1935] a22 с., 2 с. объявл. 01001rc\293267912001#$aОрганизация и редактирование стенной газеты$fРед. - руководитель курса С.Б. Корж$vЗадание 2aЗаочные курсы редакторов колхозных и бригадных стенгазет (Москва)c[Москва]d[1934]fРед. - руководитель курса С.Б. Коржnизд-во и тип. изд-ва "Крестьян. газ."tОрганизация и редактирование стенной газетыvЗадание 2 1aГореликbБ.Е.4220 0aRUbNLRgpsbo 1aRUbELAR2rusmarc aNLRj34-17/520